000 00984nam a2200277Ia 4500
003 OSt
005 20220923210955.0
006 a|||||r|||| 00| 0
007 ta
008 220922b |||||||| |||| 00| 0 hin d
020 _a812670876X (hbk)
_c175
024 _a258,667
037 _b463, 25/02/2012, Eastern Book Linkers
_cTextual
040 _aARTS
_cARTS
_bhin
041 _2hin
_ahin
082 _aY31.252B, 152P4
100 _aत्रिपाठी, विश्वनाथ
245 0 _aनंगातलाई का गॉंव
246 _aNangātalāī kā gaॉanva
250 _aसंस्क 2
260 _aनयी दिल्ली
_b राजकमल
_c2004
300 _a144पृ.
_ccm.
650 _aभारतीय-लोक साहित्य
_9156725
942 _hY31.252B, 152P4
_cTEXL
_2CC
999 _c293373
_d293373